Statistics for NBA Starters 2017

Click here to take the quiz!

General Stats

  • This quiz has been taken 206 times
  • The average score is 55 of 150

Answer Stats

TeamPositionPlayer% Correct
76ersCJoel Embiid
87%
CavaliersSFLeBron James
81%
WarriorsPFDraymond Green
73%
WarriorsSGKlay Thompson
73%
SpursSGDanny Green
72%
GrizzliesPFJaMychal Green
72%
WarriorsPGStephen Curry
72%
RocketsPGJames Harden
71%
WarriorsSFKevin Durant
71%
ThunderPGRussell Westbrook
70%
CavaliersCTristan Thompson
70%
BullsSGJimmy Butler
69%
BucksSFGiannis Antetokounmpo
67%
CavaliersPFKevin Love
67%
PelicansCAnthony Davis
64%
MavericksSFDorian Finney-Smith
64%
SpursSFKawhi Leonard
64%
PacersSFPaul George
64%
NetsCBrook Lopez
62%
WizardsPGJohn Wall
62%
GrizzliesCMarc Gasol
62%
SpursCPau Gasol
62%
SpursPGTony Parker
62%
BucksPFJabari Parker
61%
BullsCRobin Lopez
61%
NuggetsCNikola Jokic
59%
ClippersCDeAndre Jordan
58%
HornetsPGKemba Walker
58%
RaptorsPGKyle Lowry
58%
KnicksSFCarmelo Anthony
57%
CelticsPGIsaiah Thomas
57%
WizardsSGBradley Beal
56%
SunsSGDevin Booker
56%
TimberwolvesPFKarl-Anthony Towns
56%
KnicksPFLance Thomas
56%
NetsPFTrevor Booker
56%
KingsCDeMarcus Cousins
55%
RaptorsSGDeMar DeRozan
55%
MavericksPFDirk Nowitzki
55%
BullsPGMichael Carter-Williams
55%
JazzCRudy Gobert
55%
CelticsCAl Horford
54%
Trail BlazersSGCJ McCollum
53%
LakersPGD'Angelo Russell
53%
MavericksPGDeron Williams
53%
KnicksPGDerrick Rose
53%
NuggetsSGGary Harris
53%
HornetsPFMarvin Williams
53%
HawksCDwight Howard
52%
GrizzliesPGMike Conley
52%
ThunderCSteven Adams
52%
PistonsCAndre Drummond
50%
PelicansPGJrue Holiday
50%
SpursPFLaMarcus Aldridge
49%
MagicPFAaron Gordon
47%
JazzSFGordon Hayward
47%
TimberwolvesSFAndrew Wiggins
46%
CelticsPFAmir Johnson
45%
MagicPFSerge Ibaka
45%
PistonsPGReggie Jackson
44%
ThunderSGVictor Oladipo
44%
TimberwolvesSGZach LaVine
44%
ClippersSGJJ Redick
43%
LakersSGNick Young
42%
HawksPFPaul Millsap
42%
TimberwolvesPGRicky Rubio
42%
PacersPFThaddeus Young
42%
RaptorsCJonas Valanciunas
41%
SunsPGEric Bledsoe
39%
LakersPFJulius Randle
39%
76ersSFRobert Covington
39%
PacersCMyles Turner
38%
WarriorsCZaza Pachulia
37%
PacersPGJeff Teague
36%
PelicansSFSolomon Hill
36%
GrizzliesSGTony Allen
36%
WizardsCMarcin Gortat
34%
MavericksSFHarrison Barnes
33%
CelticsSFJae Crowder
33%
KingsSFMatt Barnes
33%
WizardsSFOtto Porter
33%
HawksPGDennis Schroder
32%
HornetsSGNicolas Batum
32%
RocketsSFTrevor Ariza
32%
PistonsPFMarcus Morris
31%
WizardsPFMarkieff Morris
31%
KnicksCJoakim Noah
30%
CelticsPGAvery Bradley
29%
BucksSGMalcolm Brogdon
28%
ThunderSFAndre Roberson
27%
TimberwolvesCGorgui Dieng
27%
KnicksSGCourtney Lee
25%
JazzPFDerrick Favors
25%
ThunderPFDomantas Sabonis
25%
RaptorsPFPascal Siakam
25%
BullsPFTaj Gibson
25%
NuggetsSFDanilo Gallinari
24%
SunsCTyson Chandler
24%
MavericksSGWesley Matthews
24%
NuggetsSFWilson Chandler
24%
NetsSGBojan Bogdanovic
23%
RocketsPFRyan Anderson
23%
PelicansSGBuddy Hield
22%
LakersSFLuol Deng
22%
Trail BlazersSFAl-Farouq Aminu
21%
HeatSGJosh Richardson
21%
PistonsSGKentavious Caldwell-Pope
20%
HawksSGKent Bazemore
20%
Trail BlazersCMason Plumlee
20%
RaptorsSFDeMarre Carroll
19%
LakersCTimofey Mozgov
19%
ClippersSGAustin Rivers
18%
KingsPGDarren Collison
18%
MagicPGD.J. Augustin
18%
NuggetsPGEmmanuel Mudiay
18%
HornetsCRoy Hibbert
18%
JazzSGRodney Hood
17%
GrizzliesSFChandler Parsons
16%
BucksCJohn Henson
15%
Trail BlazersSFMaurice Harkless
15%
HornetsSFMichael Kidd-Gilchrist
15%
SunsSFTJ Warren
15%
PacersSFGlenn Robinson III
14%
76ersPFErsan Ilyasova
13%
BucksSFTony Snell
13%
MagicCBismack Biyombo
12%
ClippersPGRaymond Felton
12%
76ersPGT.J. McConnell
12%
KingsCKosta Koufos
10%
ClippersSFLuc Mbah a Moute
8%
RocketsCMontrezl Harrell
8%
BullsSFDoug McDermott
7%
SunsPFMarquese Chriss
7%
Trail BlazersSGAllen Crabbe
5%
KingsPGBen McLemore
5%
PelicansPFDante Cunningham
5%
76ersSGNik Stauskas
5%
CavaliersSGDeAndre Liggins
4%
NetsSGSean Kilpatrick
4%
HawksSFThabo Sefolosha
4%
PistonsPFJon Leuer
3%
CavaliersSGJordan McRae
2%
HeatSFLuke Babbitt
2%
HeatPGRodney McGruder
2%
JazzSGShelvin Mack
2%
HeatSGWayne Ellington
2%
RocketsSGCorey Brewer
1%
NetsPGIsaiah Whitehead
1%
MagicSGJodie Meeks
1%
HeatCWillie Reed
1%

Score Distribution

Percentile by Number Answered

Percent of People with Each Score

Your Score History

You have not taken this quiz